000 00491nam a2200181Ia 4500
005 20250326123551.0
008 250326s9999 xx 000 0 und d
037 _aTextbook
040 _aFMSL
_beng
_cFMSL
041 _aeng
_2eng
084 _aB2893P K4
_qFMSL
100 _aGass S I
245 0 _aLinear programming: Methods and applications
_cGass S I
260 _aNY
_bNY, McGraw-Hill
_c1964
300 _a280p
942 _cTB
_hB2893P K4
999 _c1269956
_d1269956